Nottingham Forest Current Squad - Statistics

General Stats
  • This quiz has been taken 15 times
    6 since last reset
  • The average score is 14 of 30
Answer Stats
Hint Answer % Correct
3 Neco Williams
100%
31 Nikola Milenković
100%
11 Chris Wood
80%
14 Dan Ndoye
80%
19 Igor Jesus
80%
10 Morgan Gibbs-White
80%
5 Murillo
80%
8 Elliot Anderson
60%
26 Matz Sels
60%
4 Morato
60%
22 Ryan Yates
60%
18 Angus Gunn
40%
7 Callum Hudson-Odoi
40%
6 Ibrahim Sangaré
40%
13 John Victor
40%
16 Nicolás Domínguez
40%
37 Nicolò Savona
40%
34 Ola Aina
40%
21 Omari Hutchinson
40%
9 Taiwo Awoniyi
40%
30 Willy Boly
40%
29 Dilane Bakwa
20%
17 Eric da Silva Moreira
20%
23 Jair Cunha
20%
24 James McAtee
20%
20 Lorenzo Lucca
20%
25 Luca Netz
20%
Sean Dyche
20%
27 Stefan Ortega
20%
44 Zach Abbott
20%
No matching quizzes found
Score Distribution
Percent of People with Each Score
Percentile by Number Answered
Your Score History
You have not taken this quiz since the last reset